000 01130nam a22002777a 4500
999 _c119156
_d119156
003 dpl
005 20190423131842.0
008 190423b ||||| |||| 00| 0 eng d
010 _aB-068302
020 _c250.00
_a8171380239
035 _aB-068302, B-068306
037 _bCen Lib/Ret
040 _aDPL
_bHN
_c0
082 _a305.4
_bमनीषा
100 _aमनीषा
_96954
245 _aहम सभ्य औरतें /
_cमनीषा
246 _aHum sabhye aurten /
_bby Maneesha
260 _bसामयिक प्रकाशन
_aनई दिल्ली
_c2002
270 _bनई दिल्ली
_e110002
_a3320-21 जटवाड़ा, नेताजी सुभाष मार्ग, दरियागंज
300 _a240पृ.
_c20सेमी(सजिल्द)
650 _aहिन्दी कहानियाँ
_983606
650 _aसमाज में औरत का स्थान
_983607
650 _aHindi Stories
_983608
650 _aWoman's place in society
_983609
942 _2ddc
_cHN
_h305.4
_mमनीषा